To improve health and health care, 1998-1999 : (Record no. 6696)
[ view plain ]
| 000 -LEADER | |
|---|---|
| fixed length control field | 01204cam a22002892 4500 |
| 001 - CONTROL NUMBER | |
| control field | 0000004875 |
| 005 - DATE AND TIME OF LATEST TRANSACTION | |
| control field | 20151217151943.0 |
| 008 - FIXED-LENGTH DATA ELEMENTS--GENERAL INFORMATION | |
| fixed length control field | 070530s xx 000 0 eng d |
| 020 ## - INTERNATIONAL STANDARD BOOK NUMBER | |
| International Standard Book Number | 0787943916 : |
| 040 ## - CATALOGING SOURCE | |
| Original cataloging agency | KABU |
| Transcribing agency | KABU |
| 050 #0 - LIBRARY OF CONGRESS CALL NUMBER | |
| Classification number | RA440.87 |
| Item number | .T6 1998 |
| 245 10 - TITLE STATEMENT | |
| Title | To improve health and health care, 1998-1999 : |
| Remainder of title | the Robert Wood Johnson Foundation anthology / |
| Statement of responsibility, etc. | Stephen L. Isaacs and James R. Knickman, editors; foreword by Stephen A. Schroeder. |
| 260 ## - PUBLICATION, DISTRIBUTION, ETC. (IMPRINT) | |
| Place of publication, distribution, etc. | San Francisco : |
| Name of publisher, distributor, etc. | Jossey-Bass Publishers, |
| Date of publication, distribution, etc. | 1998. |
| 300 ## - PHYSICAL DESCRIPTION | |
| Extent | xxii, 25423 p. |
| 610 20 - SUBJECT ADDED ENTRY--CORPORATE NAME | |
| Corporate name or jurisdiction name as entry element | Robert Wood Johnson Foundation. |
| -- | 0000155781 |
| 650 #0 - SUBJECT ADDED ENTRY--TOPICAL TERM | |
| Topical term or geographic name as entry element | Public health |
| General subdivision | research grants |
| Geographic subdivision | United States. |
| -- | 0000155782 |
| 650 #0 - SUBJECT ADDED ENTRY--TOPICAL TERM | |
| Topical term or geographic name as entry element | Medicine |
| General subdivision | Research grants |
| Geographic subdivision | United States. |
| -- | 0000155783 |
| 700 1# - ADDED ENTRY--PERSONAL NAME | |
| Personal name | Isaacs, Stephen L. |
| -- | 0000155784 |
| 700 1# - ADDED ENTRY--PERSONAL NAME | |
| Personal name | Knickman, James. |
| -- | 0000155785 |
| 908 ## - PUT COMMAND PARAMETER (RLIN) | |
| Put command parameter | 070530 |
| 950 ## - LOCAL HOLDINGS (RLIN) | |
| -- | 1 |
| Withdrawn status | Lost status | Source of classification or shelving scheme | Not for loan | Home library | Current library | Date acquired | Total Checkouts | Full call number | Barcode | Date last seen | Price effective from | Koha item type |
|---|---|---|---|---|---|---|---|---|---|---|---|---|
| Library of Congress Classification | Kabarak, Main Campus | Kabarak, Main Campus | 17/12/2015 | RA440.87 .T6 1998 | 006610 | 17/12/2015 | 17/12/2015 | General Collection | ||||
| Library of Congress Classification | Kabarak, Main Campus | Kabarak, Main Campus | 17/12/2015 | RA440.87 .T6 1998 | 006611 | 17/12/2015 | 17/12/2015 | General Collection | ||||
| Library of Congress Classification | Kabarak, Main Campus | Kabarak, Main Campus | 17/12/2015 | RA440.87 .T6 1998 | 006612 | 17/12/2015 | 17/12/2015 | General Collection | ||||
| Library of Congress Classification | Kabarak, Main Campus | Kabarak, Main Campus | 17/12/2015 | RA440.87 .T6 1998 | 006613 | 17/12/2015 | 17/12/2015 | General Collection | ||||
| Library of Congress Classification | Kabarak, Main Campus | Kabarak, Main Campus | 17/12/2015 | RA440.87 .T6 1998 | 006614 | 17/12/2015 | 17/12/2015 | General Collection |